000 00510nam a2200205Ia 4500
003 LK-CoDNM
005 20241203132356.0
008 010623t xxu||||| |||| 00| 1 sin d
040 _aLK-CoDNM
_dLK-CoDNM
_eLK-CoDNM
041 _asin
080 _a294.3
_bNAN
100 _aNandaratana himi,Naram[panawe
245 _aපුන් පොහොය
246 _aPun Pohoya
260 _aEppawala
_bPremasiri printer
_c1997
300 _b15p. ; 21 cm
650 _aBuddhism
650 _a1997
942 _cBK
999 _c139371
_d139371